000
00371nam a22001577a 4500
003
MPLRDC
005
20220104123950.0
008
210129b ||||| |||| 00| 0 eng d
082
_a
527.4 ZLD
100
_a
宗亮东编著
245
_a
辅导概论
_c
260
_a
_b
台湾书店
_c
1970
300
_b
平
650
_a
学校管理--辅导
942
_c
BK
_o
527.4 ZLD
999
_c
15581
_d
15571